| 000 | 00670nam a2200217 4500 | ||
|---|---|---|---|
| 003 | OSt | ||
| 005 | 20240730052410.0 | ||
| 006 | a | ||
| 008 | 240730b |||||||| |||| 00| 0 eng d | ||
| 020 | _a9780470553022 | ||
| 040 |
_aDWCL-Main lib. _cOC |
||
| 082 |
_2Eighth edition _aCirc. 621.31924 D695i 2011 |
||
| 100 | _aDorf, Richard C. | ||
| 245 | _aIntroduction to electric circuits / | ||
| 250 | _aEighth edition | ||
| 260 |
_aN.J. : _bJohn Wiley & Sons, Inc., _cc2011. |
||
| 300 |
_axxiii, _b886 p. : ill. ; _c26 cm. |
||
| 504 | _aIncludes bibliographical reference & index. | ||
| 650 | _a1. Electric circuits. | ||
| 942 |
_2ddc _n0 _cBK-CIRC _eEighth edition _kCirc. |
||
| 999 |
_c2956 _d2956 |
||